000 00633nam a2200229Ia 4500
003 OSt
005 20230515150715.0
008 210423s2005 xx 000 0 und d
020 _a978-0-141-01111-0
040 _cAL
041 _aeng
082 _a523.1 GREF
100 _aGREENE (Brian)
_9104286
245 _aFabric of the cosmos: space time and the texture of reality
260 _aNew York
_bPenguin Books Ltd
_c2005
300 _axii,569
_bPB
365 _b550
_cINR
650 _aAstronomy
_9104287
650 _aAstronomy
_9104287
906 _acosmos: ; Fabric ; reality ; space ; texture ; time
942 _2ddc
_cBK
999 _c166184
_d166184